000 01634nam a2200325 c 4500
999 _c190639
_d190639
003 BLK
005 20220401152943.0
008 180411b bul|||||r ||||||| ||bul||
010 _aKNG00199789000
020 _a954-496-008-2
040 _aBLK
041 _aBUL
_cBUL
080 _aКлинично изследване. Клинична диагностика. Ирисодиагностика. - Анамнеза, преглед, клинична топография(измервания на тялото и главата)-цифрови индекси, гониометрия, антропометрия, палпация, перкусия,
_b616-071
_z616-071
100 1 _aМадаус, М.
_eпърви автор
_990616
139 _aМадаус, М.
_bМ 14
245 1 0 _aИрисова диагностика
_bИзследване
_cМ. Мадаус; прев. от нем. Иванка Кадиева.
257 _aDEU
260 _bОрбел
_c1993
300 _a230 с.
_bс ил.
_c20 см
380 _a61
500 _aБез сведение за ориг. загл. - 1. изд. 1934 със загл. Ирисова диагноза на изд. Водолей. - Офс. изд.
650 4 _aИрисова диагностика
_9253575
653 _aирисова диагностика
700 1 _aКадиева, Иванка
_eпрев. от нем.
_9245145
852 _aЦб 172445
856 4 _qpdf
856 4 _qpdf
942 _cKNG
_n0
_s1
944 _aCR
_c03.02.2017
_kНаталия_Любомирова
944 _aED
_c03.02.2017
_kНаталия_Любомирова
999 _d190639